[Event "St Petersburg Spring op"]
[Site "St Petersburg"]
[Date "2012.03.29"]
[Round "8"]
[White "Rumiantsev, Alex"]
[Black "Asarkhinov, Badma"]
[Result "0-1"]
[WhiteElo "1873"]
[BlackElo "2014"]
[PlyCount "54"]
[EventDate "2012.03.22"]
[EventType "swiss"]
[EventRounds "9"]
[EventCountry "RUS"]
[SourceTitle "EXT 2013"]
[Source "ChessBase"]
[SourceDate "2012.11.22"]
[SourceVersion "1"]
[SourceVersionDate "2012.11.22"]
[SourceQuality "1"]

1. e4 c5 2. Nf3 d6 3. d4 cxd4 4. Nxd4 Nf6 5. Nc3 g6 6. f4 Nc6 7. Nf3 Bg7 8. Bd3 0-0 9. Be3 Ng4 10. Bg1 Qa5 11. Qd2 Nf6 12. Nd1 Qc7 13. Nc3 Bg4 14. Nb5 Qd7 15. Nbd4 Rfe8 16. c3 e5 17. fxe5 Nxe5 18. 0-0-0 Nxd3+ 19. Qxd3 Nxe4 20. Be3 Rac8 21. Rde1 Nc5 22. Qd2 b5 23. h3 Bxf3 24. gxf3 b4 25. c4 d5 26. Nb5 Ne6 27. Kb1 Rxc4 0-1

[Event "St Petersburg Spring op"]
[Site "St Petersburg"]
[Date "2012.03.25"]
[Round "4"]
[White "Rumiantsev, Alex"]
[Black "Letova, Tatiana"]
[Result "1/2-1/2"]
[WhiteElo "1873"]
[BlackElo "1622"]
[PlyCount "69"]
[EventDate "2012.03.22"]
[EventType "swiss"]
[EventRounds "9"]
[EventCountry "RUS"]
[SourceTitle "EXT 2013"]
[Source "ChessBase"]
[SourceDate "2012.11.22"]
[SourceVersion "1"]
[SourceVersionDate "2012.11.22"]
[SourceQuality "1"]

1. e4 c5 2. Nf3 e6 3. d4 cxd4 4. Nxd4 Nf6 5. Nc3 d6 6. Be2 Nc6 7. Be3 a6 8. 0-0 Qc7 9. f4 Bd7 10. a4 Be7 11. g4 Na5 12. g5 Ng8 13. f5 Nc4 14. Bxc4 Qxc4 15. Qd3 Qxd3 16. cxd3 h6 17. g6 e5 18. Nde2 fxg6 19. Nd5 Rc8 20. fxg6 Nf6 21. Nec3 Bc6 22. Rac1 Nxd5 23. Nxd5 Rf8 24. b4 Rb8 25. Ba7 Rd8 26. Bb6 Rb8 27. b5 axb5 28. axb5 Bxd5 29. exd5 Rxf1+ 30. Kxf1 Ra8 31. Rc7 Ra1+ 32. Kf2 Rb1 33. Rc8+ Kd7 34. Rc7+ Ke8 35. Rc8+ 1/2-1/2

[Event "St Petersburg Autumn op"]
[Site "St Petersburg"]
[Date "2011.11.04"]
[Round "8"]
[White "Shirokov, Alexander"]
[Black "Rumiantsev, Alex"]
[Result "1-0"]
[WhiteElo "1967"]
[BlackElo "1901"]
[PlyCount "111"]
[EventDate "2011.10.28"]
[EventType "swiss"]
[EventRounds "9"]
[EventCountry "RUS"]
[SourceTitle "EXT 2013"]
[Source "ChessBase"]
[SourceDate "2012.11.22"]
[SourceVersion "1"]
[SourceVersionDate "2012.11.22"]
[SourceQuality "1"]

1. e4 e5 2. Nf3 Nc6 3. Nc3 Nf6 4. g3 d6 5. Bg2 Be7 6. d3 0-0 7. 0-0 a6 8. h3 b5 9. Nh2 Bd7 10. Be3 Rb8 11. f4 exf4 12. Bxf4 Ne5 13. Nf3 Ng6 14. Be3 c5 15. Ne2 Qc7 16. Nf4 Nxf4 17. gxf4 b4 18. Nh2 Rfe8 19. Ng4 Qc8 20. f5 Qd8 21. Bf4 Rb6 22. Qf3 Kh8 23. Ne3 a5 24. Nc4 Ra6 25. Kh1 Rf8 26. Rg1 Bc6 27. Ne3 Rg8 28. Rad1 Qa8 29. Qe2 Qe8 30. Bf3 Bf8 31. Bg5 Be7 32. Qg2 Nd7 33. Bxe7 Qxe7 34. Ng4 Raa8 35. c3 Ne5 36. Rge1 bxc3 37. bxc3 Rab8 38. d4 cxd4 39. cxd4 Nxf3 40. Qxf3 Rb2 41. d5 Bd7 42. Qc3 Rb4 43. f6 Qf8 44. Rg1 Bxg4 45. Rxg4 g6 46. a3 Ra4 47. Rd4 Qe8 48. Rxa4 Qxa4 49. Qd3 Rc8 50. e5 Rc1+ 51. Kh2 Qc2+ 52. Qxc2 Rxc2+ 53. Rg2 Rc5 54. e6 fxe6 55. dxe6 Re5 56. Rb2 1-0

[Event "St Petersburg Chigorin CC-ch"]
[Site "St Petersburg"]
[Date "2009.05.29"]
[Round "9"]
[White "Airumian, Sergei"]
[Black "Rumiantsev, Alex"]
[Result "1-0"]
[WhiteElo "2047"]
[BlackElo "1931"]
[PlyCount "67"]
[EventDate "2009.05.19"]
[EventType "swiss"]
[EventRounds "9"]
[EventCountry "RUS"]
[SourceTitle "CBM 130 Extra"]
[Source "ChessBase"]
[SourceDate "2009.07.02"]
[SourceVersion "2"]
[SourceVersionDate "2009.07.15"]
[SourceQuality "1"]

1. e4 e6 2. d4 d5 3. Nc3 Bb4 4. Bd3 c5 5. a3 Bxc3+ 6. bxc3 Nc6 7. dxc5 Nf6 8. Bg5 dxe4 9. Bb5 Qxd1+ 10. Rxd1 0-0 11. Bxc6 bxc6 12. Rd6 Bb7 13. Ne2 Rfd8 14. Ng3 Rxd6 15. cxd6 Rd8 16. Nxe4 h6 17. Bxf6 gxf6 18. Nxf6+ Kf8 19. Ne4 f5 20. Nc5 Bc8 21. d7 Bxd7 22. Nxd7+ Rxd7 23. Ke2 Ke7 24. Rb1 Kf6 25. Rb8 Rc7 26. Ke3 e5 27. a4 c5 28. h3 Rc6 29. a5 Ra6 30. Rb5 Rc6 31. Kd3 Ke6 32. Kc4 Kd6 33. Rb7 a6 34. Rh7 1-0

[Event "Gornozavodsk-ch 8th okrug op"]
[Site "Nizhnij Tagil"]
[Date "2007.07.31"]
[Round "7"]
[White "Rumiantsev, Alex"]
[Black "Lizunov, Nikolay"]
[Result "1-0"]
[WhiteElo "1988"]
[BlackElo "2158"]
[PlyCount "127"]
[EventDate "2007.07.24"]
[EventType "swiss"]
[EventRounds "9"]
[EventCountry "RUS"]
[SourceTitle "EXT 2022"]
[Source "ChessBase"]
[SourceDate "2021.10.06"]
[SourceVersion "1"]
[SourceVersionDate "2021.10.06"]
[SourceQuality "1"]

1. e4 c5 2. Nf3 d6 3. d4 cxd4 4. Nxd4 Nf6 5. Nc3 a6 6. f3 e5 7. Nb3 Be6 8. Be3 b5 9. Qd2 Nbd7 10. 0-0-0 Be7 11. g4 h6 12. h4 Nb6 13. Qf2 Rb8 14. Nc5 Bc8 15. Nd3 Nc4 16. Nb4 Nxe3 17. Qxe3 Qb6 18. Qd2 Be6 19. Be2 Qb7 20. g5 Nh5 21. gxh6 g6 22. Ncd5 Bd8 23. f4 a5 24. Bxh5 axb4 25. Bf3 Bxd5 26. exd5 Qa7 27. Qxb4 Bf6 28. Rd3 0-0 29. h5 Ra8 30. Ra3 Qb6 31. hxg6 fxg6 32. Rxa8 Rxa8 33. Qe4 Kh7 34. Bh5 Rg8 35. fxe5 Bxe5 36. Be2 b4 37. Bd3 Qa7 38. Kb1 Qd4 39. Qxd4 Bxd4 40. Rh4 Bc5 41. Kc1 Ra8 42. Kd2 Rxa2 43. Bxg6+ Kh8 44. Re4 Ra8 45. Kd3 Rf8 46. Kc4 Rb8 47. Re2 Kg8 48. Re7 Kh8 49. b3 Kg8 50. Rc7 Be3 51. h7+ Kh8 52. Rc6 Bf4 53. c3 bxc3 54. b4 Be5 55. b5 Kg7 56. Bd3 Kh6 57. b6 Kg5 58. Kb5 Kf4 59. Ka6 Ke3 60. Ka7 Rxb6 61. Kxb6 Kxd3 62. Rxd6 Bd4+ 63. Kb5 c2 64. Rc6 1-0

[Event "Gornozavodsk-ch 8th okrug op"]
[Site "Nizhnij Tagil"]
[Date "2007.07.30"]
[Round "6"]
[White "Yaschenko, Yury"]
[Black "Rumiantsev, Alex"]
[Result "0-1"]
[WhiteElo "2085"]
[BlackElo "1988"]
[PlyCount "138"]
[EventDate "2007.07.24"]
[EventType "swiss"]
[EventRounds "9"]
[EventCountry "RUS"]
[SourceTitle "EXT 2022"]
[Source "ChessBase"]
[SourceDate "2021.10.06"]
[SourceVersion "1"]
[SourceVersionDate "2021.10.06"]
[SourceQuality "1"]

1. d4 Nf6 2. c4 c5 3. e3 g6 4. Nf3 cxd4 5. exd4 d5 6. Nc3 Bg7 7. Bg5 dxc4 8. Bxc4 0-0 9. Qd2 Qc7 10. Bb3 Nc6 11. Rc1 Bg4 12. Bf4 Qb6 13. Na4 Qa5 14. Qxa5 Nxa5 15. Bd1 Nd5 16. Bd2 Nc6 17. Nc5 b6 18. Nb3 Rac8 19. h3 Bd7 20. 0-0 Ncb4 21. Be2 Nxa2 22. Ra1 Ba4 23. Bd1 Bxb3 24. Bxb3 Nab4 25. Rxa7 e6 26. Bxd5 Nxd5 27. Rc1 Rxc1+ 28. Bxc1 Rc8 29. Bd2 h6 30. Ra3 Rc2 31. Rb3 Bxd4 32. Nxd4 Rxd2 33. Nf3 Rc2 34. Ne5 Kg7 35. Nd7 Rc1+ 36. Kh2 Rc2 37. Kg3 Rc6 38. Ne5 Rc7 39. Nf3 f5 40. Nd4 Kf6 41. Ne2 g5 42. f4 gxf4+ 43. Nxf4 Rg7+ 44. Kf3 Nxf4 45. Kxf4 Rxg2 46. Rxb6 Rh2 47. Kg3 Re2 48. Kf3 Re1 49. Rc6 Kg5 50. b4 e5 51. b5 e4+ 52. Kf2 Rb1 53. b6 h5 54. Re6 h4 55. Ke3 Rb3+ 56. Kd2 Rxh3 57. Kc2 Rd3 58. b7 Rd8 59. Rb6 Rb8 60. Kd2 Kf4 61. Rb3 h3 62. Rxh3 Rxb7 63. Ke2 Rb2+ 64. Kf1 e3 65. Rh4+ Kg3 66. Rc4 Kf3 67. Rc1 f4 68. Re1 e2+ 69. Kg1 Rd2 0-1

[Event "St Petersburg-chT "]
[Site "St Petersburg"]
[Date "2003.??.??"]
[Round "2"]
[White "Eltsov, Valery"]
[Black "Rumiantsev, Alex"]
[Result "1-0"]
[WhiteElo "2231"]
[BlackElo "2013"]
[PlyCount "77"]
[EventDate "2003.??.??"]
[EventType "team-tourn"]
[EventRounds "9"]
[EventCountry "RUS"]
[SourceTitle "EXT 2005"]
[Source "ChessBase"]
[SourceDate "2004.11.15"]
[SourceVersion "1"]
[SourceVersionDate "2004.11.15"]
[SourceQuality "1"]

1. e4 e5 2. Nf3 Nc6 3. Bb5 a6 4. Bxc6 bxc6 5. Nc3 d6 6. d4 exd4 7. Qxd4 Qf6 8. e5 Qg6 9. exd6 Bxd6 10. 0-0 Bb7 11. Ne4 0-0-0 12. Nxd6+ Rxd6 13. Qc5 Rd5 14. Qc3 c5 15. Bf4 Nf6 16. Qa5 Ne8 17. Bg3 Qc6 18. Rfe1 Nd6 19. Qc3 Nf5 20. Re5 Rhd8 21. Rae1 g6 22. Rxd5 Rxd5 23. Qh8+ Rd8 24. Qxh7 Qd5 25. b3 Nd4 26. Qh3+ Kb8 27. Nxd4 Qxd4 28. Qh6 Qc3 29. f3 Qxc2 30. Qf4 Rd7 31. Qe5 Bc8 32. h3 Kb7 33. Kh2 Qd3 34. Qxc5 Qd5 35. Qb4+ Qb5 36. Qf4 Qc6 37. Rc1 Qb6 38. Rc4 a5 39. Qe5 1-0

[Event "POL-chT2"]
[Site "Augustow"]
[Date "1997.??.??"]
[Round "?"]
[White "Rumiantsev, Alex"]
[Black "Antosiak, R."]
[Result "1-0"]
[WhiteElo "2100"]
[BlackElo "1800"]
[PlyCount "57"]
[EventDate "1997.??.??"]
[EventType "team-tourn"]
[EventRounds "9"]
[EventCountry "POL"]
[SourceTitle "EXT 2003"]
[Source "ChessBase"]
[SourceDate "2002.11.25"]
[SourceVersion "1"]
[SourceVersionDate "2002.11.25"]
[SourceQuality "1"]

1. d4 Nf6 2. c4 g6 3. Nc3 d5 4. Nf3 Bg7 5. e3 0-0 6. b4 dxc4 7. Bxc4 Nbd7 8. 0-0 Nb6 9. Be2 Bf5 10. a4 c6 11. Ba3 Re8 12. Rc1 Rc8 13. Ne5 Nfd7 14. a5 Nd5 15. a6 Nxc3 16. Rxc3 Qb6 17. Nc4 Qc7 18. axb7 Qxb7 19. Na5 Qb6 20. Qa4 Nb8 21. Rfc1 Bd7 22. Nc4 Qc7 23. Qd1 f6 24. b5 cxb5 25. Nd6 Qb6 26. Nxc8 Qd8 27. Nxa7 Qa5 28. Nxb5 Bxb5 29. Qb3+ 1-0

[Event "POL-chT2"]
[Site "Augustow"]
[Date "1997.??.??"]
[Round "?"]
[White "Rumiantsev, Alex"]
[Black "Pietraszewski, J."]
[Result "1-0"]
[WhiteElo "2100"]
[BlackElo "1800"]
[PlyCount "102"]
[EventDate "1997.??.??"]
[EventType "team-tourn"]
[EventRounds "9"]
[EventCountry "POL"]
[SourceTitle "EXT 2003"]
[Source "ChessBase"]
[SourceDate "2002.11.25"]
[SourceVersion "1"]
[SourceVersionDate "2002.11.25"]
[SourceQuality "1"]

1. Nf3 d5 2. g3 c5 3. Bg2 Nc6 4. 0-0 e5 5. d3 Bd6 6. Nc3 Nge7 7. e4 d4 8. Nd5 Nxd5 9. exd5 Ne7 10. Re1 f6 11. c3 0-0 12. Qb3 b6 13. Bd2 Bf5 14. c4 Ng6 15. a4 a5 16. Re2 Qc7 17. Rae1 Rab8 18. Bc1 Bg4 19. h3 Bd7 20. Qd1 Ne7 21. b3 Qc8 22. Kh2 Ng6 23. Rc2 Bf5 24. Qe2 Re8 25. Nd2 Qc7 26. Ne4 Rf8 27. Qh5 Bd7 28. h4 Rbd8 29. Bh3 Bxh3 30. Kxh3 Qd7+ 31. Kh2 Bb8 32. Qf3 Bc7 33. h5 Ne7 34. h6 Qf5 35. Qxf5 Nxf5 36. hxg7 Kxg7 37. g4 Nh4 38. Kg3 Ng6 39. Rh1 Nf4 40. Bxf4 exf4+ 41. Kf3 Be5 42. Rcc1 h6 43. Rh5 Rh8 44. Rch1 Kg6 45. Nd2 Rde8 46. Rf5 Bb8 47. Ne4 Be5 48. Rhh5 Rhf8 49. Ke2 Bb8 50. Kd1 Be5 51. Nd2 Re7 1-0